Normal view MARC view
  • Young, Lynne

Entry Personal Name

Number of records used in: 1

001 - CONTROL NUMBER

  • control field: 41871

003 - CONTROL NUMBER IDENTIFIER

  • control field: DLC

005 - DATE AND TIME OF LATEST TRANSACTION

  • control field: 20181103092710.0

008 - FIXED-LENGTH DATA ELEMENTS

  • fixed length control field: 180914n| azannaabn |n aaa c

010 ## - LIBRARY OF CONGRESS CONTROL NUMBER

  • LC control number: no2018123858

035 ## - SYSTEM CONTROL NUMBER

  • System control number: (OCoLC)oca11549219

040 ## - CATALOGING SOURCE

  • Original cataloging agency: UkOxU
  • Language of cataloging: eng
  • Description conventions: rda
  • Transcribing agency: UkOxU
  • Modifying agency: EG-ScBUE

100 1# - HEADING--PERSONAL NAME

  • Personal name: Young, Lynne
  • Titles and other words associated with a name: (Linguist)

670 ## - SOURCE DATA FOUND

  • Source citation: Listening and learning, 1982:
  • Information found: t.p. (Lynne Young)

670 ## - SOURCE DATA FOUND

  • Source citation: Young, Lynne (Linguist). The power of language, 2018:
  • Information found: title page (Lynne Young) page 4 of cover (Lynne Young recently retired as Associate Professor in the School of Linguistics and Language Study at Carleton University, Ottawa, Canada. Research interests: Systemic functional linguistics, Critical discourse analysis.)